|
|
|
|
| LEADER |
01440nam a22003137a 4500 |
| 001 |
36088 |
| 003 |
BD-DhAAL |
| 005 |
20211122115614.0 |
| 008 |
190925r20172008bg ||||| |||| 00| 0 ben d |
| 999 |
|
|
|c 40868
|d 40868
|
| 020 |
|
|
|a 9847011400111
|
| 040 |
|
|
|a BD-DhAAL
|
| 041 |
|
|
|a ben
|
| 082 |
|
|
|a 305.420954
|2 23
|
| 245 |
|
|
|a দক্ষিণ এশিয়ার নারীবাদী গল্প /
|c সেলিনা হোসেন ও দেবযানী সেনগুপ্ত সম্পাদিত
|
| 246 |
|
|
|a Dakhin asiar naribadee golpa
|
| 246 |
|
|
|a A collection of short stories of South Asia based on Women
|
| 260 |
|
|
|a ঢাকা :
|b সময় প্রকাশন,
|c ২০০৮ [তৃতীয় মুদ্রণ ২০১৭]
|
| 300 |
|
|
|a ৫৫৭ পৃষ্ঠা ;
|c ২২ সে.মি.
|
| 526 |
|
|
|a ENH
|
| 541 |
|
|
|a Hye Trade International
|e 36088
|
| 650 |
|
|
|a Women's rights
|z South Asia.
|9 35319
|
| 650 |
|
|
|a Feminism
|z South Asia.
|9 35320
|
| 650 |
|
|
|a English literature.
|9 42972
|
| 700 |
|
|
|a হোসেন, সেলিনা
|9 35321
|
| 700 |
|
|
|a সেনগুপ্ত, দেবযানী
|9 35322
|
| 852 |
|
|
|a Ayesha Abed Library
|c General Stacks
|
| 942 |
|
|
|2 ddc
|c BK
|
| 952 |
|
|
|0 0
|1 0
|2 ddc
|4 0
|6 305_420954000000000_DAK
|7 0
|9 66367
|a BRACUL
|b BRACUL
|c GEN
|d 2019-09-18
|e Hye Trade International
|g 700.00
|l 3
|o 305.420954 DAK
|p 3010036088
|r 2022-07-31
|s 2022-07-24
|t 1
|v 700.00
|w 2019-09-18
|y BK
|